000 00722nam a2200241Ia 4500
003 OSt
005 20220926011012.0
006 a|||||r|||| 00| 0
007 ta
008 220923b |||||||| |||| 00| 0 eng d
020 _a0130667617
037 _cGeneral Book
040 _aRTL
_cRTL
_beng
041 _2eng
_aeng
082 _aX91:8, M1
100 _aBaumback Clifford M.
_9266698
245 0 _aBauback's guide to entrepreneurship
_b What it take
260 _aNew Jersey
_bPrentice Hall
_c1981
300 _axv, 235p. Appendix p.175-211; Glossary p.213-34
_ccm.
650 _aIndustrial Management
942 _hX91:8, M1
_cGB
_2CC
999 _c618817
_d618817